|
|
|
|
| LEADER |
01735nam a22003254a 4500 |
| 001 |
30401 |
| 003 |
BD-DhAAL |
| 005 |
20211213162724.0 |
| 008 |
151216s2007 njua b 001 0 eng |
| 999 |
|
|
|c 37863
|d 37863
|
| 010 |
|
|
|a 2001036240
|
| 020 |
|
|
|a 9788131708026
|
| 040 |
|
|
|a DLC
|c DLC
|d DLC
|d BD-DhAAL
|
| 082 |
0 |
0 |
|a 621.31042
|2 21
|
| 100 |
1 |
|
|a Hubert, Charles I.
|9 20830
|
| 245 |
1 |
0 |
|a Electric machines :
|b theory, operation, applications, adjustment and control /
|c Charles I. Hubert.
|
| 250 |
|
|
|a Second edition
|
| 260 |
|
|
|a Upper Saddle River, NJ :
|b Prentice Hall,
|c c2007.
|
| 300 |
|
|
|a xix, 604 pages :
|b illustrations ;
|c 25 cm.
|
| 504 |
|
|
|a Includes bibliographical references and index.
|
| 526 |
|
|
|a MNS
|
| 541 |
|
|
|e 31401, 31402, 31403, 31404
|
| 650 |
|
0 |
|a Electric machinery.
|9 20831
|
| 650 |
|
0 |
|a Electrical engineering
|9 42624
|
| 852 |
|
|
|a Ayesha Abed Library
|c General Stacks
|
| 942 |
|
|
|2 ddc
|c BK
|
| 952 |
|
|
|0 0
|1 0
|2 ddc
|4 0
|6 621_310420000000000_HUB
|7 0
|9 59707
|a BRACUL
|b BRACUL
|c GEN
|d 2016-10-01
|e STS International
|g 1100.00
|l 9
|m 105
|o 621.31042 HUB
|p 3010031401
|r 2025-03-12
|s 2025-02-11
|t 1
|w 2016-10-01
|y BK
|
| 952 |
|
|
|0 0
|1 0
|2 ddc
|4 0
|6 621_310420000000000_HUB
|7 0
|9 59708
|a BRACUL
|b BRACUL
|c GEN
|d 2016-10-01
|e STS International
|g 1100.00
|l 9
|m 95
|o 621.31042 HUB
|p 3010031402
|r 2025-08-19
|s 2025-06-29
|t 2
|w 2016-10-01
|y BK
|
| 952 |
|
|
|0 0
|1 0
|2 ddc
|4 0
|6 621_310420000000000_HUB
|7 0
|9 59709
|a BRACUL
|b BRACUL
|c GEN
|d 2016-10-01
|e STS International
|g 1100.00
|l 10
|m 67
|o 621.31042 HUB
|p 3010031403
|r 2024-02-13
|s 2024-02-12
|t 3
|v 1100.00
|w 2016-10-01
|y BK
|
| 952 |
|
|
|0 0
|1 0
|2 ddc
|4 0
|6 621_310420000000000_HUB
|7 0
|9 59710
|a BRACUL
|b BRACUL
|c GEN
|d 2016-10-01
|e STS International
|g 1100.00
|l 8
|m 54
|o 621.31042 HUB
|p 3010031404
|r 2026-05-21
|s 2025-06-22
|t 4
|v 1100.00
|w 2016-10-01
|y BK
|